000 01533nam a2200361 i 4500
001 768714001
003 CO-MdFUSB
005 20210908151444.0
007 ta
008 200716t1955 |||| |||| 00| 0 spa d
020 _a[No incluye ISBN]
040 _aCO-MdFUSB
_bspa
_cCO-MdFUSB
_dCO-MdFUSBC
_erda
041 _aspa
082 _223
_a264.23
_bN964
110 _aCasa Bautista de Publicaciones
245 3 _aEl nuevo himnario popular
_c/ Casa Bautista de Publicaciones
250 _aDuodécima edición
264 _a [Lugar de publicación no identificado]
_bCasa Bautista de Publicaciones,
_c[1955]
264 _c©1955
300 _c388 páginas ;
_a22 cm
336 _2rdacontent
_atexto
_btxt
337 _2rdamedia
_asin mediación
_bn
338 _2rdacarrier
_avolumen
_bnr
520 _aEn el ministerio de la música de una congregación neotestamentaria se incluye el canto congregacional, la interpretación instrumental y tantas otras expresiones de talentos. El hogar cristiano también incluye canto en su culto cotidiano. Los himnos inculcan tantas hermosas enseñanzas que podemos valernos de ellos para fortalecer nuestra fe, siempre que éstos vayan de acuerdo con las sagradas Escrituras. También deben usarse para ganar almas para el Señor-
563 _aTapa dura
650 0 _91066
_aAdoración
650 7 _9206
_aLiturgia
653 _aCristianismo -- Música.
653 _aCristianismo -- Himnos.
720 _aCasa Bautista de Publicaciones
_eautor
942 _cBK
945 _aDani
999 _c66522
_d66522